La Izquierda

Detalles Bibliográficos
Autor principal: Pipitone, Ugo
Formato: Libro
Lenguaje:español
Publicado: Mx̌ico Nostra Ediciones 2007
Materias:
Acceso en línea:Acceso restringido

MARC

LEADER 00000nam a22000007a 4500
005 20151029121942.0
007 cr|||| ||
008 151029s2007 mx ||||| |||| 00| 0 spa d
020 |a 978-968-5447-51-5 
035 |a 12840 
040 |a vLex 
090 |c 5630  |d 5630 
100 1 |a Pipitone, Ugo 
245 1 3 |a La Izquierda  |h [Recurso electrn̤ico] /  |c Ugo Pipitone  
256 |a Servicio en ln̕ea 
260 |a Mx̌ico  |b Nostra Ediciones  |c 2007  
300 |a 1 recurso electrn̤ico  
506 1 |a Contenido solo disponible en los productos indicados  |d vLex Global  |d vLex Global (Academic Edition, excluding Law Schools)  |d vLex Global (U.S. Academic Edition, Law Schools)  |d vLex Global (U.S. Academic Edition, excluding Law Schools)  |d vLex Global (Academic Edition, Law Schools) 
650 |a Ideas polt̕icas   |z Mx̌ico 
740 0 |a vLex libros (servicio en ln̕ea) 
856 4 0 |u http://vlex.com/source/izquierda-12840  |z Acceso restringido 
942 |c BOOK 
999 0 |a Politic ideas